00732nam a2200241 a 4500001001300000003000900013005001700022008004100039020001100080082001600091100001900107245003800126260004800164300000900212500003500221505002000256650003100276700001900307902000800326942000700334952013200341999001700473nice12345678IN_TiNIC20260116013359.0050524s1997 cama grp 000 0 eng  ac120000a340.59bHAL aHallaq, Wael B aHistory of Islamic Legal Theories aCambridgebCambridge University Pressc1997 a294p aincludes index and biblioraphy2 aspecial dossier aIslamic-Law Interpretation1 aHallaq, Wael B bSRS cBK 001040708StackRoom-aHMIbHMId2013-08-06g1200.00l14o340.59 HALp017515r2022-08-04s2022-07-29v1200.00w2005-05-24yBK c10776d10776